000
00193 a2200097 4500
020
_a
9780892393275
041
_a
spa
100
_a
Lulu Delacre
245
_a
Olinguito de la a la z
942
_c
BK
999
_c
29224
_d
29222